000 00917nmm a2200277 a 4500
001 ocm000601689
003 TR-IsHL
005 20201028130454.0
008 130927s2008 tu tur
007 cr cn
020 _a9789756217788
035 _a601689
_b(N$T)
050 0 4 _aPL248.Ö44
_bP46 2008
090 0 4 _aPL248.Ö44
_bP46 2008
100 1 _aÖmer Seyfettin
245 1 0 _aPembe incili kaftan, bir hayır, kütük, düşünme zamanı, bir temiz havlu
_h[electronic resource] /
_cÖmer Seyfettin
250 _a1. bs.
260 _aİstanbul :
_bBilgecan Yayınları,
_c2008
300 _a80 p.
650 4 _aDil ve Edebiyat
650 4 _aLanguage and Literature
650 0 _aTürk romanı
650 0 _aTurkish fiction
650 7 _aJUVENILE FICTION / Historical / Middle East
_2bisacsh
856 4 0 _uhttp://search.ebscohost.com/login.aspx?direct=true&scope=site&db=e011xww&AN=601689
999 _c4039
_d4039